| 000 | 00785cab a2200241 4500 | ||
|---|---|---|---|
| 001 | ABS50528 | ||
| 008 | 090401t1994 xxu||||| |||| 00| 0 eng d | ||
| 035 | _a(Sirsi) u76347 | ||
| 041 | _aeng | ||
| 100 | _aPettipher, M. | ||
| 245 | _aSingle handed | ||
| 260 | _c1994 | ||
| 350 | _a0 | ||
| 490 |
_aNew Builder _v(210) 25 March 1994, 20(1) |
||
| 520 | _aProfiles a `one-stop shop` consultancy, LAMP, which with a range of specialists, valuers, quantity surveyors, planners and civil engineers among them, can manage a project from beginning to end. | ||
| 650 | _aCONSULTANCIES | ||
| 650 | _aLAMP DEVELOPMENT MANAGEMENT | ||
| 650 | _aMULTI-DISCIPLINARY PRACTICES | ||
| 690 | _aBUILT ENVIRONMENT | ||
| 690 |
_aProject management _96261 |
||
| 942 | _n0 | ||
| 948 | _c04/03/1997 | ||
| 999 |
_c48038 _d48038 |
||